Welcome to CU Library Online Public Access Catalogue (OPAC)

WHAT JESUS DEMANDS FROM THE WORLD (Record no. 6851)

MARC details
000 -LEADER
fixed length control field 00432nam a22001457a 4500
005 - DATE AND TIME OF LATEST TRANSACTION
control field 20250707173646.0
008 - FIXED-LENGTH DATA ELEMENTS--GENERAL INFORMATION
fixed length control field 250707b |||||||| |||| 00| 0 eng d
020 ## - INTERNATIONAL STANDARD BOOK NUMBER
International Standard Book Number 9781844741717
050 ## - LIBRARY OF CONGRESS CALL NUMBER
Classification number BS2415
Item number .P49 PIP
100 ## - MAIN ENTRY--PERSONAL NAME
Personal name PIPER JOHN
245 ## - TITLE STATEMENT
Title WHAT JESUS DEMANDS FROM THE WORLD
Remainder of title ALL AUTHORITY IN HEAVEN AND ON EARTH HAS BEEN GIVEN TO ME
260 ## - PUBLICATION, DISTRIBUTION, ETC.
Place of publication, distribution, etc. ENGLAN
Name of publisher, distributor, etc. INTERVARSITY PRESS
Date of publication, distribution, etc. c2007
300 ## - PHYSICAL DESCRIPTION
Extent 400p
942 ## - ADDED ENTRY ELEMENTS (KOHA)
Source of classification or shelving scheme Library of Congress Classification
Koha item type Books
Suppress in OPAC No
999 ## -
-- 6851
-- 6851
Holdings
Withdrawn status Lost status Source of classification or shelving scheme Damaged status Not for loan Collection Home library Current library Shelving location Date acquired Total checkouts Full call number Barcode Date last seen Copy number Price effective from Koha item type
    Library of Congress Classification     Non-fiction Undergraduate Library (Christ Temple) Undergraduate Library (Christ Temple) General stacks 07/07/2025   BS2415.P49 PIP ulct00003696 07/07/2025 1 07/07/2025 Books
    Library of Congress Classification     Non-fiction Undergraduate Library (Christ Temple) Undergraduate Library (Christ Temple) General stacks 07/07/2025   BS2415.P49 PIP ulct00003697 07/07/2025 2 07/07/2025 Books
    Library of Congress Classification     Non-fiction Undergraduate Library (Christ Temple) Undergraduate Library (Christ Temple) General stacks 07/07/2025   BS2415.P49 PIP ulct00003698 07/07/2025 3 07/07/2025 Books
© 2023-2024 Copyright: Central University Libraries. All Rights Reserved | Created by: Mahone Tech Office